<?xml version="1.0" encoding="UTF-8"?>
<record
    xmlns:xsi="http://www.w3.org/2001/XMLSchema-instance"
    xsi:schemaLocation="http://www.loc.gov/MARC21/slim http://www.loc.gov/standards/marcxml/schema/MARC21slim.xsd"
    xmlns="http://www.loc.gov/MARC21/slim">

  <leader>00666nam a22001577a 4500</leader>
  <controlfield tag="003">LRUA</controlfield>
  <controlfield tag="005">20200520142306.0</controlfield>
  <controlfield tag="008">200520b        xxu||||| |||| 00| 0 eng d</controlfield>
  <datafield tag="040" ind1=" " ind2=" ">
    <subfield code="c">RUA</subfield>
  </datafield>
  <datafield tag="082" ind1=" " ind2=" ">
    <subfield code="a">AGR LY 2012 B663 Or.1</subfield>
  </datafield>
  <datafield tag="100" ind1=" " ind2=" ">
    <subfield code="9">14255</subfield>
    <subfield code="a">LY VISAL &#x179B;&#x17B8; &#x179C;&#x17B7;&#x179F;&#x17B6;&#x179B; </subfield>
  </datafield>
  <datafield tag="245" ind1=" " ind2=" ">
    <subfield code="a">&#x179C;&#x17B7;&#x1792;&#x17B8;&#x179F;&#x17B6;&#x179F;&#x17D2;&#x179A;&#x17D2;&#x178F;&#x178A;&#x17B6;&#x17C6;&#x178A;&#x17BB;&#x17C7; &#x1793;&#x17B7;&#x1784;&#x179C;&#x17B7;&#x1792;&#x17B6;&#x1793;&#x1780;&#x17B6;&#x179A;&#x1782;&#x17D2;&#x179A;&#x1794;&#x17CB;&#x1782;&#x17D2;&#x179A;&#x1784;&#x179F;&#x17D2;&#x1798;&#x17C5;&#x1785;&#x1784;&#x17D2;&#x179A;&#x17C3;&#x178F;&#x17B6;&#x1798;&#x179A;&#x178A;&#x17BC;&#x179C;&#x1780;&#x17B6;&#x179B;&#x178A;&#x17B6;&#x17C6;&#x178A;&#x17BB;&#x17C7;&#x1793;&#x17C3;&#x178A;&#x17C6;&#x178E;&#x17B6;&#x17C6;&#x179F;&#x17D2;&#x179A;&#x17BC;&#x179C; rice establishment methods and weed managerment in season </subfield>
  </datafield>
  <datafield tag="260" ind1=" " ind2=" ">
    <subfield code="a">RUA</subfield>
    <subfield code="b">Phnom penh</subfield>
    <subfield code="c">2012</subfield>
  </datafield>
  <datafield tag="300" ind1=" " ind2=" ">
    <subfield code="a">xii;46p</subfield>
    <subfield code="b">ill;</subfield>
    <subfield code="c">29cm</subfield>
  </datafield>
  <datafield tag="942" ind1=" " ind2=" ">
    <subfield code="2">ddc</subfield>
    <subfield code="c">AGR</subfield>
  </datafield>
  <datafield tag="999" ind1=" " ind2=" ">
    <subfield code="c">19226</subfield>
    <subfield code="d">19226</subfield>
  </datafield>
</record>
